000 00986nam a22003017a 4500
003 CHAP
005 20220329141604.0
008 971013s1975 r 00010 d
010 _a70609
011 _a71581
035 _a81135
040 _cCHAP
082 _a674.834
_bB3
100 0 0 _aBaldwin, Richard F.
_99681
245 _aPlywood manufacturing practices
260 _aSan Francisco, Cal. :
_bMiller Freeman,
_c1975
300 _a260 p.
_b: ilus
490 _aA forest industries book
590 _aBATCH-UPD
_b10
_c20130110
_lUCH01
_h0557
590 _aCONVERSION
_b10
_c20130109
_lUCH01
_h1339
650 1 4 _aTriplay.
_9115171
830 0 _aA forest industries book
_969
901 _aBK
942 _cLIBRO
949 _a674.834 B3
_bBC
_cLIBRO
_d33724000146239
_eLIBRO
_fc.2
_h38950
_i81135
_si
_t345.00
949 _a674.834 B3
_bBC
_cLIBRO
_d33724000146353
_eLIBRO
_h35802
_i81135
_si
_t345.00
949 _a674.834 B3
_bBC
_cLIBRO
_d33724000146825
_eLIBRO
_fc.3
_h38951
_i81135
_si
_t345.00
999 _c70609
_d70609